Normal view MARC view

Entry Personal Name

Number of records used in: 1

001 - CONTROL NUMBER

  • control field: 782931

003 - CONTROL NUMBER IDENTIFIER

  • control field: OSt

005 - DATE AND TIME OF LATEST TRANSACTION

  • control field: 20250508170058.0

008 - FIXED-LENGTH DATA ELEMENTS

  • fixed length control field: 250508|| aca||aabn | a|a d

040 ## - CATALOGING SOURCE

  • Original cataloging agency: OSt
  • Transcribing agency: OSt

100 ## - HEADING--PERSONAL NAME

  • Personal name: Aranda George Ed. Widjaja Wanty and others Ed

670 ## - SOURCE DATA FOUND

  • Source citation: Work cat.: (OSt)1399102: Xu Lihua Ed. 782930, Video- based research in education: Cross- disciplinary perspectives, 2019
Copyright @ Delhi University Library System